000 00953cam a22003017i 4500
008
020 _a9781446273531 (pbk.)
049 _aMAIN
090 _aHD30.4
_bSCH
100 1 _aScherbaum, Charles A.
245 1 0 _aAnalysing quantitative data :
_bfor business and management students /
_cCharles A. Scherbaum & Kristen M. Shockley.
260 _aThousand Oaks, CA :
_bSAGE,
_c2015.
300 _axiv, 165 p. :
_bill. ;
_c24 cm.
500 _aIncludes index.
504 _aIncludes bibliographical references.
650 0 _aBusiness
_xResearch.
650 0 _aManagement science.
650 0 _aQuantitative research.
650 7 _aBusiness
_xResearch.
650 7 _aManagement science.
650 7 _aQuantitative research.
700 1 _aShockley, Kristen M.
907 _a.b10373275
_b02-06-16
_c26-05-16
003
005 20230123122214.0
040 _cNUST
942 _cBOOKS
_kHD30.4
_mSCH
999 _c129638
_d129638